000 01022nam a2200253 a 4500
001 BRCA_1121
005 20190320203304.0
008 931130s1990 ck-a---###---#000-0#spa-#
020 _a9589082572
040 _aDLC
_cDLC
_dDLC
041 _aspaeng
050 4 _aHT127.5
_b.C46 1990
245 1 0 _aCentros históricos
_bAmérica Latina
_cJ.B. Artigas ... [et al.] ; coordinador, Ramón Gutiérrez].
260 _aBogotá, Colombia
_bJunta de Andalucia, Consejería de Obras Públicas y Transportes: Facultad de Arquitectura: Universidad de los Andes
_c1990
300 _a282 p.
_bil. (algunas a color), mapas
_c23 cm.
440 0 _aColección SomoSur
_vt. 10
_93694
546 _aTexto en: español e inglés.
650 1 4 _aCiudades y pueblos
_xHistoria
_zAmérica Latina
_93695
650 1 4 _aSitios Históricos
_zAmérica Latina
_93696
700 1 _aArtigas H., Juan B
_93310
700 1 _aGutiérrez, Ramón
_93697
710 2 _aUniversidad de los Andes (Bogotá, Colombia)
_bFacultad de Arquitectura
_93698
942 _2lcc
_cB
999 _c999
_d999